000
00304nam a22001457a 4500
020
_a
0-330-32741-0
082
_a
813.54
100
_a
Robin Cook
245
_a
Blind Sight
260
_a
London
_b
Pan Books
_c
1993
300
_a
429p.
_e
18cm.
650
_a
Fiction
700
_a
Cook, Robin
942
_c
BK
999
_c
12288
_d
12288